| 000 | 00966nab a22001817a 4500 | ||
|---|---|---|---|
| 999 |
_c5818 _d5818 |
||
| 003 | OSt | ||
| 005 | 20260107000225.0 | ||
| 008 | 190514b xxu||||| |||| 00| 0 spa d | ||
| 040 | _cPJ | ||
| 100 |
_96694 _aRoldan, Cinthia Vanesa |
||
| 245 | 1 | 0 |
_aSalud mental y consumos : _bcuando consumidores somos todxs / _cCinthia Vanesa Roldan. |
| 300 | _ap. 125-136 | ||
| 505 | _aSumario: I. Introducción.— II. Desde dónde partimos.— III. ¿Qué nos dice el derecho sobre los consumos problemáticos?— IV. Algunas apreciaciones desde la sociología.— V. Tipos de consumo y su tratamiento en la Ley Plan IACOP.— VI. El anclaje social de las sustancias y los modelos de intervención.— VII. Palabras finales. | ||
| 505 | _tSi te interesa el texto, comunicate a koha@justierradelfuego.gov.ar | ||
| 650 | 0 |
_91272 _aSALUD MENTAL |
|
| 773 | 0 |
_02844 _93222 _dBuenos Aires : AbeledoPerrot, 1989- _tDerecho de familia. N° 117 - Noviembre 2024 _z18511201 |
|
| 942 |
_2udc _cANA |
||